| 000 | 00975nam a2200253Ia 4500 | ||
|---|---|---|---|
| 003 | OSt | ||
| 005 | 20220923211514.0 | ||
| 006 | a|||||r|||| 00| 0 | ||
| 007 | ta | ||
| 008 | 220922b |||||||| |||| 00| 0 hin d | ||
| 020 |
_a9789380350035 (hbk) _c950 |
||
| 024 | _a353,927 | ||
| 037 |
_bG-943/21-22, 28/12/2021, hinohar Publisher & Distributors _cTextual |
||
| 040 |
_aARTS _cARTS _bhin |
||
| 041 |
_2hin _ahin |
||
| 082 | _aV2y7M69, 152R0 | ||
| 100 | _aप्रवीण कुमार, ले. | ||
| 245 | 0 | _aमहात्मा गॉंधी और भारत | |
| 246 | _ahinātmā gaॉandhī aur bhārata | ||
| 260 |
_aनई दिल्ली _b नॉलेज बुक डिस्ट्रीब्यूटर्स _c2020 |
||
| 300 |
_a200पृ. _ccm. |
||
| 942 |
_hV2y7M69, 152R0 _cTEXL _2CC |
||
| 999 |
_c300240 _d300240 |
||